WA State Electoral Districts - Statistics

General Stats
  • This quiz has been taken 60 times
    39 since last reset
  • The average score is 46 of 59
Answers on the Map
Answers color-coded by a green-red scale on the quiz's map according to % correct below.
 
Answer Stats
MLA Electorate Party % Correct
Scott Leary Albany NAT
96%
John Carey Perth ALP
96%
Sandra Brewer Cottesloe LIB
91%
Simone McGurk Fremantle ALP
91%
Ali Kent Kalgoorlie ALP
91%
Lachlan Hunter Central Wheatbelt NAT
87%
Basil Zempilas Churchlands LIB
87%
David Scaife Cockburn ALP
87%
Hugh Jones Darling Range ALP
87%
Steve Catania Midland ALP
87%
Jonathan Huston Nedlands LIB
87%
Magenta Marshall Rockingham ALP
87%
Stuart Aubrey Scarborough ALP
87%
Reece Whitby Baldivis ALP
83%
Ron Sao Cannington ALP
83%
Caitlin Collins Hillarys ALP
83%
Adam Hort Kalamunda LIB
83%
Rhys Williams Mandurah ALP
83%
Kevin Michel Pilbara ALP
83%
Terry Healy Southern River ALP
83%
Geoff Baker South Perth ALP
83%
Colleen Egan Thornlie ALP
83%
Libby Mettam Vasse LIB
83%
Tony Buti Armadale ALP
78%
Kim Giddens Bateman ALP
78%
Sook Yee Lai Bibra Lake ALP
78%
Lorna Clarke Butler ALP
78%
Liam Staltari Carine LIB
78%
Divina D'Anna Kimberley ALP
78%
Roger Cook Kwinana ALP
78%
Hannah Beazley Victoria Park ALP
78%
David Michael Balcatta ALP
74%
Dave Kelly Bassendean ALP
74%
Cassie Rowe Belmont ALP
74%
Lisa O'Malley Bicton ALP
74%
Don Punch Bunbury ALP
74%
Jodie Hanns Collie-Preston ALP
74%
Dan Bull Maylands ALP
74%
Shane Love Mid-West NAT
74%
Amber-Jade Sanderson Morley ALP
74%
Frank Paolino Mount Lawley ALP
74%
David Bolt Murray-Wellington LIB
74%
Peter Rundle Roe NAT
74%
Michelle Maynard Swan Hills ALP
74%
Lisa Munday Dawesville ALP
70%
Stephen Price Forrestfield ALP
70%
Kirrilee Warr Geraldton NAT
70%
Meredith Hammat Girrawheen ALP
70%
Stephen Pratt Jandakot ALP
70%
Mark Folkard Mindarie ALP
70%
Jags Krishnan Riverton ALP
70%
Rita Saffioti West Swan ALP
70%
Daniel Pastorelli Landsdale ALP
65%
Yaz Mubarakai Oakford ALP
65%
Sabine Winton Wanneroo ALP
65%
Bevan Eatts Warren-Blackwood NAT
65%
Emily Hamilton Joondalup ALP
61%
Jessica Stojkovski Kingsley ALP
61%
Paul Papalia Secret Harbour ALP
61%
No matching quizzes found
Score Distribution
Percent of People with Each Score
Percentile by Number Answered
Your Score History
You have not taken this quiz since the last reset